<?xml version="1.0" encoding="UTF-8"?>
<record
    xmlns:xsi="http://www.w3.org/2001/XMLSchema-instance"
    xsi:schemaLocation="http://www.loc.gov/MARC21/slim http://www.loc.gov/standards/marcxml/schema/MARC21slim.xsd"
    xmlns="http://www.loc.gov/MARC21/slim">

  <leader>00673nam a22002057a 4500</leader>
  <controlfield tag="005">20240320144159.0</controlfield>
  <datafield tag="010" ind1=" " ind2=" ">
    <subfield code="a">ENG-139796</subfield>
  </datafield>
  <datafield tag="020" ind1=" " ind2=" ">
    <subfield code="a">9789354424373</subfield>
    <subfield code="c">635.00</subfield>
  </datafield>
  <datafield tag="035" ind1=" " ind2=" ">
    <subfield code="a">EN-123328</subfield>
  </datafield>
  <datafield tag="037" ind1=" " ind2=" ">
    <subfield code="b">DBAD/PUB</subfield>
  </datafield>
  <datafield tag="082" ind1=" " ind2=" ">
    <subfield code="a">S</subfield>
    <subfield code="2">1</subfield>
  </datafield>
  <datafield tag="100" ind1=" " ind2=" ">
    <subfield code="a">Ramakrishnan, S</subfield>
    <subfield code="9">63672</subfield>
  </datafield>
  <datafield tag="245" ind1=" " ind2=" ">
    <subfield code="a">The Man Who Walked Backwards:</subfield>
    <subfield code="b">And Other Stories/</subfield>
    <subfield code="c">By S Ramakrishnan and Transalated By Prabha Srideven</subfield>
  </datafield>
  <datafield tag="250" ind1=" " ind2=" ">
    <subfield code="a">1</subfield>
  </datafield>
  <datafield tag="260" ind1=" " ind2=" ">
    <subfield code="a">Hyderabad</subfield>
    <subfield code="b">Orient Blackswan Private Ltd</subfield>
    <subfield code="c">2023</subfield>
  </datafield>
  <datafield tag="270" ind1=" " ind2=" ">
    <subfield code="a">3-6-752, Himayatnagar </subfield>
    <subfield code="b">Hyderabad</subfield>
    <subfield code="e">500029</subfield>
    <subfield code="m">info@orintblackswan.com</subfield>
  </datafield>
  <datafield tag="300" ind1=" " ind2=" ">
    <subfield code="a">xii,185p.</subfield>
    <subfield code="c">22cm(pbk)</subfield>
  </datafield>
  <datafield tag="700" ind1=" " ind2=" ">
    <subfield code="a">Srideven, Prabha </subfield>
    <subfield code="e">Translated</subfield>
    <subfield code="9">63673</subfield>
  </datafield>
  <datafield tag="942" ind1=" " ind2=" ">
    <subfield code="2">ddc</subfield>
    <subfield code="h">S</subfield>
    <subfield code="c">EN</subfield>
    <subfield code="m">RAM</subfield>
    <subfield code="e">1</subfield>
  </datafield>
  <datafield tag="999" ind1=" " ind2=" ">
    <subfield code="c">201648</subfield>
    <subfield code="d">201648</subfield>
  </datafield>
  <datafield tag="952" ind1=" " ind2=" ">
    <subfield code="0">0</subfield>
    <subfield code="1">0</subfield>
    <subfield code="4">0</subfield>
    <subfield code="7">0</subfield>
    <subfield code="8">NFIC</subfield>
    <subfield code="a">BN</subfield>
    <subfield code="b">BN</subfield>
    <subfield code="d">2024-03-20</subfield>
    <subfield code="e">DBAD</subfield>
    <subfield code="g">635.00</subfield>
    <subfield code="l">0</subfield>
    <subfield code="o">S RAM</subfield>
    <subfield code="p">EN-123328</subfield>
    <subfield code="r">2024-03-20 00:00:00</subfield>
    <subfield code="t">1</subfield>
    <subfield code="v">635.00</subfield>
    <subfield code="w">2024-03-20</subfield>
    <subfield code="y">EN</subfield>
  </datafield>
</record>
